000 00741nam a22002177a 4500
999 _c5928
_d5928
003 AR-CdUCM
008 190313b ||||| |||| 00| 0 spa d
040 _aMUNICIPALIDAD PROVINCIAL DEL CUSCO
_cBIBLIOTECA MUNICIPAL DEL CUSCO
082 _a869.56 /
_bM642N
100 _aMiró, César
_92173
245 _aNuevas voces para el viento /
260 _aLima :
_bEditorial Andrés Avelino Aramburú,
_c1948.
300 _a91 páginas ;
_c22 cm.
500 _aDonación familia Nieto
505 _aContenido: Nuevas voces para el viento -- Los romances del rió hablador -- imagen y semejanza del mar.
650 _aPoesías peruanas
_91481
650 _aSiglo XX
_98
650 _aRío rimac
_917433
942 _2ddc
_cLIBROS
945 _adavv